|
|
|
|
| LEADER |
00000cam a2200000 7i4500 |
| 001 |
0000200020 |
| 005 |
20160215.0 |
| 090 |
0 |
0 |
|a F
|b WIN
|
| 100 |
1 |
|
|a Lopato, Olga
|
| 245 |
1 |
0 |
|a Wings [
|h digital video disc]
|c Olga Lopato
|
| 260 |
|
|
|a s.l. :
|b Grindstone Entertainment Group ,
|c 20-
|
| 300 |
|
|
|a 1 digital video disc (101 minutes) :
|b col
|
| 500 |
|
|
|a Library has 3 copies
|
| 521 |
0 |
|
|a General viewing for all ages (U)
|
| 650 |
0 |
0 |
|a Movies, Animation
|
| 650 |
0 |
0 |
|a Movies, English
|
| 999 |
|
|
|a AV 37229
|b DIGITAL VIDEO DISC
|c PINJAMAN
|e PERPUSTAKAAN KOMUNITI PETALING JAYA
|
| 999 |
|
|
|a AV 37230
|b DIGITAL VIDEO DISC
|c PINJAMAN
|e PERPUSTAKAAN KOMUNITI PETALING JAYA
|
| 999 |
|
|
|a AV 38084
|b DIGITAL VIDEO DISC
|c PINJAMAN
|e PERPUSTAKAAN KOMUNITI PETALING JAYA
|
| 999 |
|
|
|a AV 38085
|b DIGITAL VIDEO DISC
|c PINJAMAN
|e PERPUSTAKAAN KOMUNITI PETALING JAYA
|